|
|
|
|
| LEADER |
00711cam a2200193 7i4500 |
| 001 |
0000048328 |
| 005 |
20220805090000.0 |
| 020 |
|
|
|a 9789676119393
|
| 090 |
0 |
0 |
|a PN5449.M35
|b S25 2007
|
| 100 |
0 |
|
|a Said Zahari
|
| 245 |
1 |
4 |
|a The long nightmare :
|b my 17 years as a political prisoner
|c Said Zahari.
|
| 260 |
|
|
|a Kuala Lumpur:
|b Utusan Publication & Distributors Sdn. Bhd.,
|c 2007.
|
| 300 |
|
|
|a vi, 186 pages:
|b illustrations;
|c 23 cm.
|
| 500 |
|
|
|a Gift: Zainol Ahmad Resource Center
|
| 650 |
0 |
0 |
|a Political prisoners --
|z Singapore
|
| 650 |
0 |
0 |
|a Political prisoners --
|z Malaysia
|
| 650 |
0 |
0 |
|a Journalists --
|z Malaysia
|
| 997 |
|
|
|a IDE Resource Centre
|
| 999 |
|
|
|a 0000068384
|b BOK
|c OPEN SHELF
|e 1st Floor, Bestari Jaya
|